Design of concrete structures (Record no. 3628)

000 -LEADER
fixed length control field 00663nam a2200229 a 4500
001 - CONTROL NUMBER
control field 3628
003 - CONTROL NUMBER IDENTIFIER
control field BD-DhUET
008 - FIXED-LENGTH DATA ELEMENTS--GENERAL INFORMATION
fixed length control field 850621s1985 enka b 101 0 eng
020 ## - INTERNATIONAL STANDARD BOOK NUMBER
International Standard Book Number 007Y665486
040 ## - CATALOGING SOURCE
Original cataloging agency DLC
Transcribing agency DLC
Modifying agency BD-DhUET
082 00 - DEWEY DECIMAL CLASSIFICATION NUMBER
Classification number 624.183
Item number NIL/1986
100 ## - MAIN ENTRY--PERSONAL NAME
Personal name Nilson, Arthur H.
245 00 - TITLE STATEMENT
Title Design of concrete structures
Statement of responsibility, etc. by Arthur H. Nilson and George Winter
250 ## - EDITION STATEMENT
Edition statement 10th ed.
260 ## - PUBLICATION, DISTRIBUTION, ETC. (IMPRINT)
Place of publication, distribution, etc. New York:
Name of publisher, distributor, etc. McGraw Hill Book Company,
Date of publication, distribution, etc. 1986.
300 ## - PHYSICAL DESCRIPTION
Extent xi, 380 p. :
Other physical details ill. ;
Dimensions 23 cm.
490 ## - SERIES STATEMENT
Series statement Civil engineering series
504 ## - BIBLIOGRAPHY, ETC. NOTE
Bibliography, etc Includes bibliographies
650 #0 - SUBJECT ADDED ENTRY--TOPICAL TERM
Topical term or geographic name as entry element Reinforced concrete
700 ## - ADDED ENTRY--PERSONAL NAME
Personal name Winter, George
942 ## - ADDED ENTRY ELEMENTS (KOHA)
Koha item type General Book
Holdings
Shelving location Sublocation or collection (holding branch) Price effective from Koha item type Koha issues (times borrowed) Koha date last borrowed Not for loan Lost status Koha full call number Koha renewals Source of classification or shelving scheme Koha date last seen Piece designation (barcode) Location (home branch) Withdrawn status Damaged status Koha out on loan Copy number Koha normalized classification for sorting Date acquired
Circulation sectionCentral Library, BUET2014-11-02General Book62026-02-23  624.183/NIL/19861 2026-02-2377873Central Library, BUET  2027-02-231624_000000000000000_183NIL19862014-11-02
Rental sectionCentral Library, BUET2024-12-04Rental Item    624.183 NIL/1986  2024-12-0477816Central Library, BUET   ১০/ক-১624_183000000000000_NIL_19861990-10-23
Rental sectionCentral Library, BUET2024-12-04Rental Item    624.183 NIL/1986  2024-12-0477817Central Library, BUET   ১০/ক-২624_183000000000000_NIL_19861990-10-23
Rental sectionCentral Library, BUET2024-12-04Rental Item    624.183 NIL/1986  2024-12-0477818Central Library, BUET   ১০/ক-৩624_183000000000000_NIL_19861990-10-23
Rental sectionCentral Library, BUET2024-12-04Rental Item    624.183 NIL/1986  2024-12-0477819Central Library, BUET   ১০/ক-৪624_183000000000000_NIL_19861990-10-23
Rental sectionCentral Library, BUET2024-12-04Rental Item    624.183 NIL/1986  2024-12-0477820Central Library, BUET   ১০/ক-৫624_183000000000000_NIL_19861990-10-23
Rental sectionCentral Library, BUET2024-12-04Rental Item    624.183 NIL/1986  2024-12-0477821Central Library, BUET   ১০/ক-৬624_183000000000000_NIL_19861990-10-23
Rental sectionCentral Library, BUET2024-12-04Rental Item    624.183 NIL/1986  2024-12-0477822Central Library, BUET   ১০/ক-৭624_183000000000000_NIL_19861990-10-23
Rental sectionCentral Library, BUET2024-12-04Rental Item    624.183 NIL/1986  2024-12-0477823Central Library, BUET   ১০/ক-৮624_183000000000000_NIL_19861990-10-23
Rental sectionCentral Library, BUET2024-12-04Rental Item    624.183 NIL/1986  2024-12-0477824Central Library, BUET   ১০/ক-৯624_183000000000000_NIL_19861990-10-23
Rental sectionCentral Library, BUET2024-12-04Rental Item    624.183 NIL/1986  2024-12-0477825Central Library, BUET   ১০/ক-১০624_183000000000000_NIL_19861990-10-23
Rental sectionCentral Library, BUET2024-12-04Rental Item    624.183 NIL/1986  2024-12-0477826Central Library, BUET   ১০/ক-১১624_183000000000000_NIL_19861990-10-23
Rental sectionCentral Library, BUET2024-12-04Rental Item    624.183 NIL/1986  2024-12-0477827Central Library, BUET   ১০/ক-১২624_183000000000000_NIL_19861990-10-23
Rental sectionCentral Library, BUET2024-12-04Rental Item    624.183 NIL/1986  2024-12-0477828Central Library, BUET   ১০/ক-১৩624_183000000000000_NIL_19861990-10-23
Rental sectionCentral Library, BUET2024-12-04Rental Item    624.183 NIL/1986  2024-12-0477829Central Library, BUET   ১০/ক-১৪624_183000000000000_NIL_19861990-10-23
Rental sectionCentral Library, BUET2024-12-04Rental Item    624.183 NIL/1986  2024-12-0477830Central Library, BUET   ১০/ক-১৫624_183000000000000_NIL_19861990-10-23
Rental sectionCentral Library, BUET2024-12-04Rental Item    624.183 NIL/1986  2024-12-0477831Central Library, BUET   ১০/ক-১৬624_183000000000000_NIL_19861990-10-23
Rental sectionCentral Library, BUET2024-12-04Rental Item    624.183 NIL/1986  2024-12-0477832Central Library, BUET   ১০/ক-১৭624_183000000000000_NIL_19861990-10-23
Rental sectionCentral Library, BUET2024-12-04Rental Item    624.183 NIL/1986  2024-12-0477833Central Library, BUET   ১০/ক-১৮624_183000000000000_NIL_19861990-10-23
Rental sectionCentral Library, BUET2024-12-04Rental Item    624.183 NIL/1986  2024-12-0477834Central Library, BUET   ১০/ক-১৯624_183000000000000_NIL_19861990-10-23
Rental sectionCentral Library, BUET2024-12-04Rental Item    624.183 NIL/1986  2024-12-0477835Central Library, BUET   ১০/ক-২০624_183000000000000_NIL_19861990-10-23